Esta es una introducción muy breve de canto llano / (Record no. 60124)

MARC details
000 -LEADER
campo de control de longitud fija 00870nam a2200253 i 4500
001 - NÚMERO DE CONTROL
campo de control 60124
003 - IDENTIFICADOR DE NÚMERO DE CONTROL
campo de control ES-MaACL
005 - FECHA Y HORA DE LA ÚLTIMA TRANSACCIÓN
campo de control 20230906164147.0
007 - CAMPO FIJO DE DESCRIPCIÓN FÍSICA--INFORMACIÓN GENERAL
campo de control de longitud fija t|
008 - DATOS DE LONGITUD FIJA--INFORMACIÓN GENERAL
campo de control de longitud fija 031103s1977 sp ||||1| spa d
100 1# - ENTRADA PRINCIPAL--NOMBRE DE PERSONA
Nombre de persona Escobar, Cristóbal de.
9 (RLIN) 47546
245 10 - MENCIÓN DEL TÍTULO
Título Esta es una introducción muy breve de canto llano /
Mención de responsabilidad, etc. Cristóbal de Escobar.
250 ## - MENCION DE EDICION
Mención de edición Ed. facs.
260 ## - PUBLICACIÓN, DISTRIBUCIÓN, ETC.
Lugar de publicación, distribución, etc. Madrid :
Nombre del editor, distribuidor, etc. Joyas Bibliográficas,
Fecha de publicación, distribución, etc. 1977.
300 ## - DESCRIPCIÓN FÍSICA
Extensión 7 h. ;
Dimensiones 24 cm.
490 1# - MENCIÓN DE SERIE
Mención de serie Viejos libros de música ;
Designación de volumen o secuencia 12
500 ## - NOTA GENERAL
Nota general Reprod. facs. del ejemplar de la Staatsbibliothek Preussacher Kukturbesits de Berlín.
650 #4 - PUNTO DE ACCESO ADICIONAL DE MATERIA--TÉRMINO DE MATERIA
Término de materia o nombre geográfico como elemento de entrada Canto gregoriano-
Subdivisión de forma Obras anteriores a 1800.
9 (RLIN) 164647
655 #7 - TERMINO DE INDIZACIÓN--GENERO/FORMA
Fuente del término tgfbne
9 (RLIN) 226495
Datos o término principal de género/forma Facsímiles
830 0# - PUNTO DE ACCESO ADICIONAL DE SERIE-TÍTULO UNIFORME
Título uniforme Viejos libros de música ;
Designación de volumen o secuencia 12
9 (RLIN) 182867
852 ## - LOCALIZACIÓN
Ubicación ES-MaACL
Número de control de estantería 2109-F-8
Sublocalización o colección R.97269
942 ## - ELEMENTOS DE ENTRADA SECUNDARIOS (KOHA)
Fuente del sistema de clasificación o colocación Clasificación decimal universal
Holdings
Estatus retirado Estado de pérdida Estado de daño No para préstamo Colección Biblioteca de origen Biblioteca actual Ubicación en estantería Fecha de adquisición Fuente de adquisición Total de préstamos Signatura topográfica completa Código de barras Visto por última vez Precio de reemplazo Tipo de ítem Koha
        Colección de folletos Biblioteca del Ateneo de Madrid Biblioteca del Ateneo de Madrid Depósito folletos 17/01/2008     2109-F-8 1063062 23/02/2023 23/02/2023 Folleto